• 首页
  • 本馆介绍
  • 公告通知
  • 最新文献
  • 馆藏检索
  • 电子资源
  • 读者导购
  • 参考咨询
  • 我的图书馆
  • 登录
  • 详细信息显示
  • 放入我的书架
  • 预约/预借图书
  • 作者相关作品
  • 分类相关作品
  • 丛书相关作品
  • 出版社相关作品

书目信息

  • 表格格式
  • 工作单格式
  • 卡片格式
题名:
资本论
    
 
作者: 马克思 著 ;中共中央马、恩、列、斯著作翻译局 译
分册:  
出版信息: 北京   中国社会科学出版社  1983.01
页数: 847页
开本: 21cm
丛书名:
单 册:
中图分类: A123
科图分类:
主题词: 马恩著作--单行本--1864~1872年
电子资源:
ISBN:
000 00711nam0 2200217 45
001 0181023465
005 20070802112642.15
010    @dCNY2.85@b精装
091    @a1190.008
100    @a20810111d km y0chiy0120 ea
101 0  @achi
200 1  @a资本论@AZI BEN LUN@f马克思著@FMa Ke Si Zhu@g中共中央马、恩、列、斯著作翻译局译
210    @a北京@c中国社会科学出版社@d1983.01
215    @a847页@c照片@d21cm
300    @a根据作者修订的法文版第一卷翻译
606 0  @a马恩著作@x单行本@z1864~1872年
690    @aA123@v3
701 0  @a马克思@4著
712 02 @a中共中央马、恩、列、斯著作翻译局@AZhong Gong Zhong Yang Ma、En、Lie、Si Zhu Zuo Fan Yi Ju@4译
801    @aCN@bTSTC@c20070802
905    @dA123@e15@f1@b82016
    
    资本论/马克思著/中共中央马、恩、列、斯著作翻译局译.-北京:中国社会科学出版社,1983.01
    847页:照片;21cm
    根据作者修订的法文版第一卷翻译
    
    ISBN (精装):CNY2.85
    
●
相关链接 在E读中查询图书 在五车中查询图书 在当当中查询图书 在豆瓣中查询图书


正题名:资本论     索取号:A123/15         预约/预借

序号 登录号 条形码 馆藏地/架位号 状态 备注
1 0447271   204472711   密集书库/ [索取号:A123/15] 在馆    
2 0791113   207911134   密集书库/ [索取号:A123/15] 在馆    
唐山师范学院图书馆 欢迎您!
大连网信软件有限公司© 版权所有